The Craft Traditions of Pakistan : Clay, Cloth, Wood, Metal, Stone (Record no. 25969)

MARC details
000 -LEADER
fixed length control field 00512nam a22001817a 4500
005 - DATE AND TIME OF LATEST TRANSACTION
control field 20230713131521.0
008 - FIXED-LENGTH DATA ELEMENTS--GENERAL INFORMATION
fixed length control field 230713b |||||||| |||| 00| 0 eng d
020 ## - INTERNATIONAL STANDARD BOOK NUMBER
ISBN 9698987002
082 ## - DEWEY DECIMAL CLASSIFICATION NUMBER
Classification number 745.5
Item number BIL-C
100 ## - MAIN ENTRY--AUTHOR
Author Name Bilgrami, Noorjehan
245 ## - TITLE STATEMENT
Title The Craft Traditions of Pakistan : Clay, Cloth, Wood, Metal, Stone
260 ## - PUBLICATION, DISTRIBUTION, ETC.
Place of Publication Pakistan
Name of publisher, distributor, etc. Trade Development Authority
Date of publication, distribution, etc. 2006
300 ## - PHYSICAL DESCRIPTION
Pages 206
500 ## - GENERAL NOTE
General note Bibliography given
650 ## - SUBJECT ADDED ENTRY--TOPICAL TERM
Subject / Department Architecture
700 ## - ADDED ENTRY--PERSONAL NAME
Personal name Bilgrami, Noorjehan
952 ## - LOCATION AND ITEM INFORMATION (KOHA)
-- 0
-- 0
Holdings
Lost status Damaged status Permanent Location Current Location Shelving Location Date acquired Full Call Number Accession No./Barcode Date last seen item type
    Superior Information Resource Center (SIRC) Superior University- Central Library Superior Information Resource Center (SIRC) Superior University- Central Library Architecture 07/13/2023 745.5 BIL-C 2006 20077 07/13/2023 BOOK

Powered by Koha